000
002340000a22000970004500
100
1
_a
Niringiye, Zac
245
1
0
_a
The future on the church in Africa
300
_a
Num. 4, (2000), Páginas 20-21
773
0
_t
Global Future
942
_c
ANA
999
_c
53514
_d
53514